Rokovania v medzinárodnom obchode - dôležitý faktor ovplyvňujúci úspešnosť národných ekonomík a firiem v období globalizácie

Obchodné rokovanie možno považovať za osobitný dialóg zúčastnených partnerov vedený prostredníctvom rôznych foriem komunikácie, a to cez komunikačné média (internet, fax, telefón, osobný styk), s jasným strategickým cieľom a uplatňovaním vhodnej taktiky rokovacieho štýlu, výberom vhodného partnera č...

Full description

Saved in:
Bibliographic Details
Main Author: Povch, Ivan
Format: Book Chapter
Language:Slovak
Subjects:
Tags: Add Tag
No Tags, Be the first to tag this record!

MARC

LEADER 00000nla$a2200000$$$4500
001 0124849
005 20240502072421.6
041 0 |a slo 
044 |a SK 
245 1 0 |a Rokovania v medzinárodnom obchode - dôležitý faktor ovplyvňujúci úspešnosť národných ekonomík a firiem v období globalizácie  |c Ivan Povrch 
520 |a Obchodné rokovanie možno považovať za osobitný dialóg zúčastnených partnerov vedený prostredníctvom rôznych foriem komunikácie, a to cez komunikačné média (internet, fax, telefón, osobný styk), s jasným strategickým cieľom a uplatňovaním vhodnej taktiky rokovacieho štýlu, výberom vhodného partnera či miesta rokovania. Stratégie a taktika negociácie. Rokovacie štýly. 
610 2 0 |a rokovania obchodné 
610 2 0 |a obchod medzinárodný 
610 2 0 |a globalizácia 
100 1 |a Povch, Ivan